|
|
|
|
| LEADER |
00697nam a22001691a 4500 |
| 082 |
|
|
|a M100 7
|b VAL/P
|
| 100 |
|
|
|a Valsarajan P V
|9 94479
|
| 245 |
|
|
|a Panineerum pookaithayum/
|c by Valsarajan P V
|
| 260 |
|
|
|a Thalassery:
|b Akam Samithi,
|c 1997.
|
| 300 |
|
|
|a 84p.
|
| 650 |
|
|
|a Poetry Malayalam Study
|9 94480
|
| 650 |
|
|
|a Literature Malayalam
|9 94481
|
| 650 |
|
|
|a Literature
|9 94482
|
| 942 |
|
|
|c BK
|
| 999 |
|
|
|c 33322
|d 33322
|
| 952 |
|
|
|0 0
|1 0
|4 0
|6 M_100_700000000000000_VAL_P
|7 0
|9 48325
|a SSUS
|b SSUS
|d 2015-01-08
|g 32.00
|o M100 7 VAL/P
|p 014086
|r 2015-01-08
|v 0.00
|w 2015-01-08
|y BK
|
| 952 |
|
|
|0 0
|1 0
|4 0
|6 M_100_700000000000000_VAL_P
|7 0
|9 48326
|a SSUS
|b SSUS
|d 2015-01-08
|g 32.00
|o M100 7 VAL/P
|p 009284
|r 2015-01-08
|v 0.00
|w 2015-01-08
|y BK
|